[Event "Hessen-ch Seniors op 11th"]
[Site "Bad Sooden-Allendorf"]
[Date "2015.05.16"]
[Round "8"]
[White "Mittelstaedt, Ewald"]
[Black "Gebuhr, Guenter"]
[Result "0-1"]
[WhiteElo "1591"]
[BlackElo "1967"]
[PlyCount "91"]
[EventDate "2015.05.09"]
[EventType "swiss"]
[EventRounds "9"]
[EventCountry "GER"]
[SourceTitle "EXT 2018"]
[Source "ChessBase"]
[SourceDate "2017.10.13"]
[SourceVersion "1"]
[SourceVersionDate "2017.10.13"]
[SourceQuality "1"]

1. d4 Nf6 2. Nf3 e6 3. Bg5 h6 4. Bh4 c5 5. Bxf6 Qxf6 6. e3 Nc6 7. c3 d5 8. Nbd2 cxd4 9. exd4 Bd6 10. Bd3 0-0 11. 0-0 e5 12. dxe5 Nxe5 13. Nxe5 Bxe5 14. Nf3 Bg4 15. h3 Bh5 16. Be2 Bxf3 17. Bxf3 d4 18. cxd4 Bxd4 19. Qb3 Rab8 20. Rab1 b6 21. Qa3 a5 22. b4 axb4 23. Qxb4 Bc5 24. Qb3 Rfd8 25. Rbd1 Rd4 26. Rxd4 Qxd4 27. Qd5 Rd8 28. Qxd4 Rxd4 29. Bd1 Rd2 30. Bb3 Kf8 31. g3 f5 32. Kg2 g6 33. Kf3 Kg7 34. h4 Kf6 35. g4 fxg4+ 36. Kxg4 Rxf2 37. Re1 Rg2+ 38. Kh3 Rd2 39. Rf1+ Ke5 40. Re1+ Kf4 41. Rf1+ Bf2 42. Kg2 Ke3 43. Kh3 Rd4 44. Rxf2 Kxf2 45. Bf7 g5 46. hxg5 0-1

[Event "Hessen-ch Seniors op 11th"]
[Site "Bad Sooden-Allendorf"]
[Date "2015.05.15"]
[Round "7"]
[White "Flockerzi, Armin"]
[Black "Mittelstaedt, Ewald"]
[Result "0-1"]
[WhiteElo "1819"]
[BlackElo "1591"]
[PlyCount "95"]
[EventDate "2015.05.09"]
[EventType "swiss"]
[EventRounds "9"]
[EventCountry "GER"]
[SourceTitle "EXT 2018"]
[Source "ChessBase"]
[SourceDate "2017.10.13"]
[SourceVersion "1"]
[SourceVersionDate "2017.10.13"]
[SourceQuality "1"]

1. d4 d5 2. Nf3 Nf6 3. g3 c6 4. Bg2 h6 5. Nbd2 Bg4 6. Ne5 Bf5 7. b3 Nbd7 8. Nef3 e6 9. Bb2 Bd6 10. c4 Bb4 11. 0-0 0-0 12. a3 Bd6 13. c5 Bc7 14. Re1 Re8 15. Nh4 Bh7 16. b4 a6 17. Bf3 e5 18. dxe5 Nxe5 19. Bg2 Qd7 20. Rc1 Rad8 21. f4 Ng6 22. Nxg6 fxg6 23. Nf3 Ne4 24. e3 g5 25. Be5 gxf4 26. exf4 Bxe5 27. Nxe5 Qf5 28. Qd4 Nf6 29. Re3 Ne4 30. Rce1 g5 31. Bxe4 dxe4 32. Qc4+ Rd5 33. Nd3 Kf8 34. fxg5 Qxg5 35. Nf4 Qe5 36. Nxd5 cxd5 37. Qc1 d4 38. R3e2 e3 39. c6 bxc6 40. Qxc6 Re6 41. Qc8+ Kg7 42. Rf1 Kg6 43. Qf8 Rf6 44. Rxf6+ Qxf6 45. Qe8+ Kg5 46. Qd7 Bd3 47. h4+ Kh5 48. Rh2 0-1

[Event "Hessen-ch Seniors op 11th"]
[Site "Bad Sooden-Allendorf"]
[Date "2015.05.09"]
[Round "1"]
[White "Mittelstaedt, Ewald"]
[Black "Rollwitz, Juergen"]
[Result "0-1"]
[WhiteElo "1591"]
[BlackElo "1971"]
[PlyCount "116"]
[EventDate "2015.05.09"]
[EventType "swiss"]
[EventRounds "9"]
[EventCountry "GER"]
[SourceTitle "EXT 2018"]
[Source "ChessBase"]
[SourceDate "2017.10.13"]
[SourceVersion "1"]
[SourceVersionDate "2017.10.13"]
[SourceQuality "1"]

1. d4 d6 2. c3 e5 3. e4 Be7 4. Be3 Nf6 5. Nd2 Ng4 6. Ngf3 Nxe3 7. fxe3 Nd7 8. Be2 0-0 9. 0-0 c6 10. Ne1 Nf6 11. Nd3 Qc7 12. Bf3 Be6 13. b3 Rad8 14. c4 c5 15. d5 Bd7 16. a4 b6 17. Qe2 Qc8 18. Nf2 h6 19. h3 Nh7 20. g4 h5 21. Kh2 Ng5 22. Bg2 h4 23. Nf3 Nxf3+ 24. Bxf3 Bg5 25. Rae1 f6 26. Nd1 Kf7 27. Nc3 Ke7 28. Nb5 Qb7 29. Bg2 a6 30. Nc3 Rb8 31. Rf3 b5 32. Rb1 bxa4 33. bxa4 Qc7 34. Rff1 Rxb1 35. Rxb1 Rb8 36. Qc2 Rb7 37. Bf1 Qb8 38. Bd3 Rxb1 39. Qxb1 Qxb1 40. Bxb1 Bxe3 41. Bc2 g6 42. Kg2 Bd2 43. Ne2 Kd8 44. Ng1 g5 45. Nf3 Bb4 46. Kf2 Kc7 47. Ke2 Kb6 48. Nd2 Bxd2 49. Kxd2 Ka5 50. Kc3 Bxa4 51. Bb3 Bd7 52. Bc2 Be8 53. Bb3 Kb6 54. Bc2 Ka5 55. Bd1 Bd7 56. Bc2 Be8 57. Bd1 Bg6 58. Bc2 Bh7 0-1

[Event "Baden-ch U1600 op"]
[Site "Waldshut Tiengen"]
[Date "2014.06.21"]
[Round "6"]
[White "Wolf, Axel"]
[Black "Mittelstaedt, Ewald"]
[Result "1/2-1/2"]
[WhiteElo "2200"]
[BlackElo "1667"]
[PlyCount "120"]
[EventDate "2014.06.19"]
[EventType "swiss"]
[EventRounds "7"]
[EventCountry "GER"]
[SourceTitle "EXT 2015"]
[Source "ChessBase"]
[SourceDate "2014.11.20"]
[SourceVersion "1"]
[SourceVersionDate "2014.11.20"]
[SourceQuality "1"]

1. d4 d5 2. c4 c6 3. Nc3 e6 4. Nf3 Nd7 5. Bf4 Ngf6 6. e3 Be7 7. Bd3 dxc4 8. Bxc4 Nd5 9. Nxd5 exd5 10. Bd3 Nf6 11. h3 h6 12. 0-0 0-0 13. Rc1 Ne4 14. Nd2 Bf5 15. Nb3 Bh7 16. f3 Nf6 17. Re1 Nh5 18. Bh2 Bb4 19. Re2 Qh4 20. a3 Be7 21. Nc5 Ng3 22. Rec2 Bxc5 23. Rxc5 Rfe8 24. Bxh7+ Kxh7 25. Qe1 Nf5 26. Qxh4 Nxh4 27. Re1 Re6 28. Rc3 Nf5 29. Kf2 Rae8 30. Rd3 h5 31. g4 hxg4 32. hxg4 Nh6 33. Bf4 f6 34. Bxh6 Kxh6 35. Kg3 g5 36. Kf2 Kg6 37. Rb3 R8e7 38. Rc3 f5 39. gxf5+ Kxf5 40. Kg3 Rh6 41. Rc5 Kg6 42. Rc2 Reh7 43. Rg2 Rh3+ 44. Kf2 Rh1 45. Rxh1 Rxh1 46. f4 Rh5 47. b4 Kf5 48. fxg5 Rxg5 49. Rxg5+ Kxg5 50. Kf3 Kf5 51. a4 a6 52. a5 Kg5 53. e4 dxe4+ 54. Kxe4 Kf6 55. d5 Ke7 56. Ke5 cxd5 57. Kxd5 Kd7 58. Kc5 Kc7 59. b5 axb5 60. Kxb5 Kb8 1/2-1/2

[Event "Hessen-ch Seniors op 09th"]
[Site "Bad Sooden-Allendorf"]
[Date "2013.04.25"]
[Round "6"]
[White "Nietsch, Horst"]
[Black "Mittelstaedt, Ewald"]
[Result "1-0"]
[WhiteElo "1962"]
[BlackElo "1641"]
[PlyCount "100"]
[EventDate "2013.04.20"]
[EventType "swiss"]
[EventRounds "9"]
[EventCountry "GER"]
[SourceTitle "EXT 2019"]
[Source "ChessBase"]
[SourceDate "2018.10.10"]
[SourceVersion "1"]
[SourceVersionDate "2018.10.10"]
[SourceQuality "1"]

1. e4 d6 2. d4 c6 3. Nf3 Bg4 4. Nc3 Nd7 5. h3 Bh5 6. Be2 h6 7. Be3 e5 8. d5 c5 9. 0-0 Be7 10. Qd2 a6 11. a4 Bg6 12. Nh2 Ngf6 13. Bf3 b6 14. Qe2 Nh7 15. Bh5 0-0 16. Bxg6 fxg6 17. f4 exf4 18. Bxf4 g5 19. Bg3 Ne5 20. Bxe5 dxe5 21. Rxf8+ Bxf8 22. Ng4 Bd6 23. Rf1 Nf6 24. Nxf6+ gxf6 25. Qh5 Kg7 26. Ne2 Qe8 27. Ng3 Qxh5 28. Nxh5+ Kg6 29. Rxf6+ Kxh5 30. Rxd6 b5 31. g4+ Kh4 32. Kg2 Rh8 33. Rxa6 h5 34. gxh5 g4 35. hxg4 Kxg4 36. axb5 Kf4 37. Rc6 Kxe4 38. Rxc5 Rxh5 39. b6 Kd4 40. b7 Rg5+ 41. Kf1 Rf5+ 42. Ke2 Kxc5 43. b8Q Kxd5 44. Qb7+ Kd6 45. c4 e4 46. Qxe4 Re5 47. Qxe5+ Kxe5 48. Kd3 Kd6 49. Kd4 Kc6 50. b4 Kb6 1-0

[Event "Hessen-ch Seniors op 09th"]
[Site "Bad Sooden-Allendorf"]
[Date "2013.04.23"]
[Round "4"]
[White "Johannsen, Ingbert"]
[Black "Mittelstaedt, Ewald"]
[Result "1-0"]
[WhiteElo "1955"]
[BlackElo "1641"]
[PlyCount "53"]
[EventDate "2013.04.20"]
[EventType "swiss"]
[EventRounds "9"]
[EventCountry "GER"]
[SourceTitle "EXT 2019"]
[Source "ChessBase"]
[SourceDate "2018.10.10"]
[SourceVersion "1"]
[SourceVersionDate "2018.10.10"]
[SourceQuality "1"]

1. e4 c5 2. Nf3 Nc6 3. d4 cxd4 4. Nxd4 e5 5. Nb5 d6 6. Be3 a6 7. N5c3 Be6 8. Be2 Nf6 9. 0-0 Be7 10. Bf3 Qd7 11. Nd5 Bd8 12. Nbc3 b5 13. a3 Ng4 14. Bb6 0-0 15. Bxd8 Bxd5 16. Nxd5 Nxh2 17. Kxh2 Qxd8 18. c3 f5 19. exf5 Rxf5 20. Ne3 Rf4 21. Bxc6 Rc8 22. Bd5+ Kh8 23. g3 Rf6 24. Kg2 Qe7 25. Qc2 Rcf8 26. Rad1 Rg6 27. Qxg6 1-0

[Event "Hessen-ch Seniors op 09th"]
[Site "Bad Sooden-Allendorf"]
[Date "2013.04.22"]
[Round "3"]
[White "Mittelstaedt, Ewald"]
[Black "Reimann, Guenther"]
[Result "1/2-1/2"]
[WhiteElo "1641"]
[BlackElo "1948"]
[PlyCount "77"]
[EventDate "2013.04.20"]
[EventType "swiss"]
[EventRounds "9"]
[EventCountry "GER"]
[SourceTitle "EXT 2019"]
[Source "ChessBase"]
[SourceDate "2018.10.10"]
[SourceVersion "1"]
[SourceVersionDate "2018.10.10"]
[SourceQuality "1"]

1. d4 e6 2. Nf3 f5 3. c3 Nf6 4. Bg5 Be7 5. Nbd2 d6 6. e3 Nbd7 7. Bd3 d5 8. Ne5 Nxe5 9. dxe5 Ng4 10. Bxe7 Qxe7 11. Nf3 c6 12. h3 Nh6 13. Qc2 Nf7 14. c4 Qb4+ 15. Qc3 Qxc3+ 16. bxc3 Bd7 17. Rb1 b6 18. g4 g6 19. gxf5 gxf5 20. Rg1 Ke7 21. cxd5 cxd5 22. Kd2 Bc6 23. Bb5 Bb7 24. Rg7 Rag8 25. Rbg1 Rxg7 26. Rxg7 Kf8 27. Rg1 Bc8 28. Kd3 Rg8 29. Rxg8+ Kxg8 30. Kd4 h6 31. h4 Nd8 32. Nd2 a6 33. Ba4 Kf8 34. f4 Bb7 35. c4 dxc4 36. e4 b5 37. Bc2 fxe4 38. Nxe4 Ke7 39. Kc5 1/2-1/2

[Event "Dresden ZMD op-C 21th"]
[Site "Dresden"]
[Date "2012.08.21"]
[Round "4"]
[White "Mittelstaedt, Ewald"]
[Black "Hansch, Bianca"]
[Result "1-0"]
[WhiteElo "1384"]
[BlackElo "1177"]
[PlyCount "57"]
[EventDate "2012.08.18"]
[EventType "swiss"]
[EventRounds "9"]
[EventCountry "GER"]
[SourceTitle "CBM 150 Extra"]
[Source "ChessBase"]
[SourceDate "2012.10.19"]
[SourceVersion "1"]
[SourceVersionDate "2012.10.19"]
[SourceQuality "1"]

1. d4 d5 2. Bg5 Bf5 3. Nd2 Nc6 4. e3 f6 5. Bf4 a6 6. Ngf3 g5 7. Bg3 h5 8. h3 e6 9. a3 Bd6 10. Bxd6 Qxd6 11. c4 b6 12. b4 Qe7 13. Qa4 Qd7 14. b5 Nb8 15. Rc1 Ne7 16. c5 a5 17. c6 Qxc6 18. Qb3 Ng6 19. Be2 Kf7 20. a4 Re8 21. Bd3 Bxd3 22. Qxd3 Qxb5 23. Qc2 e5 24. dxe5 Nxe5 25. Kd1 Nxf3 26. Nxf3 Re4 27. Qa2 Ra7 28. Ke1 Ke7 29. Rc4 1-0

[Event "GER-ch Seniors"]
[Site "Dresden"]
[Date "2012.08.17"]
[Round "9"]
[White "Mittelstaedt, Ewald"]
[Black "Hartlaub, Marianne"]
[Result "0-1"]
[WhiteElo "1618"]
[BlackElo "1623"]
[PlyCount "65"]
[EventDate "2012.08.09"]
[EventType "swiss"]
[EventRounds "9"]
[EventCountry "GER"]
[SourceTitle "EXT 2014"]
[Source "ChessBase"]
[SourceDate "2013.11.20"]
[SourceVersion "1"]
[SourceVersionDate "2013.11.20"]
[SourceQuality "1"]

1. d4 d6 2. c3 Nf6 3. Qc2 g6 4. e4 Bg7 5. h3 Nbd7 6. Nf3 0-0 7. Bd3 e5 8. d5 a6 9. Be3 b5 10. Nbd2 Bb7 11. b4 Rc8 12. c4 c5 13. bxc5 Nxc5 14. Bxc5 Rxc5 15. Nb3 Rc8 16. 0-0 bxc4 17. Bxc4 Qc7 18. Rac1 Qb6 19. Qd3 Nh5 20. g3 Nxg3 21. Rfe1 Bh6 22. Rc2 Bf4 23. Kg2 Nh5 24. Qc3 Rc7 25. a4 Rfc8 26. a5 Qa7 27. Qb4 Rd8 28. Qb6 Qb8 29. Rb1 Rdc8 30. Nbd2 Bh6 31. Kh2 Nf4 32. Ng1 Bf8 33. Rbc1 0-1

[Event "GER-ch Seniors"]
[Site "Dresden"]
[Date "2012.08.14"]
[Round "6"]
[White "Gerstenberg, Lutz"]
[Black "Mittelstaedt, Ewald"]
[Result "1-0"]
[WhiteElo "1893"]
[BlackElo "1618"]
[PlyCount "111"]
[EventDate "2012.08.09"]
[EventType "swiss"]
[EventRounds "9"]
[EventCountry "GER"]
[SourceTitle "EXT 2014"]
[Source "ChessBase"]
[SourceDate "2013.11.20"]
[SourceVersion "1"]
[SourceVersionDate "2013.11.20"]
[SourceQuality "1"]

1. d4 d5 2. c4 e6 3. Nf3 c6 4. Qc2 Be7 5. Bf4 Nf6 6. h3 Ne4 7. e3 Nd7 8. cxd5 exd5 9. Bd3 f5 10. a3 0-0 11. Nbd2 c5 12. dxc5 Ndxc5 13. Be2 Bd7 14. Ne5 Rc8 15. Qd1 Be6 16. Rc1 d4 17. b4 Nxd2 18. Qxd2 dxe3 19. Qxd8 exf2+ 20. Kf1 Rfxd8 21. bxc5 Rxc5 22. Kxf2 Rxc1 23. Bxc1 Bc5+ 24. Ke1 Bd5 25. Nf3 Re8 26. Kf1 h6 27. h4 a6 28. h5 b5 29. Rh4 Kf7 30. Bb2 Re4 31. Ne5+ Kg8 32. Ng6 Bd6 33. Bf3 Bc4+ 34. Kf2 Bc5+ 35. Kg3 Bd6+ 36. Nf4 Re3 37. a4 bxa4 38. Bd4 Rd3 39. Ba1 a3 40. Rh1 a2 41. Rc1 Bb3 42. Rc6 Ba4 43. Rxa6 Bb3 44. Ra8+ Kf7 45. Ra7+ Be7 46. Ng6 Re3 47. Rxe7+ Rxe7 48. Nxe7 Kxe7 49. Bxg7 Ke6 50. Kf4 Bc2 51. Ke3 Bb3 52. Kd2 Bd5 53. Bxd5+ Kxd5 54. Ke3 Kd6 55. Bd4 Ke6 56. Ba1 1-0

[Event "GER-ch Seniors"]
[Site "Dresden"]
[Date "2012.08.12"]
[Round "4"]
[White "Thalheim, Peter"]
[Black "Mittelstaedt, Ewald"]
[Result "1-0"]
[WhiteElo "1644"]
[BlackElo "1618"]
[PlyCount "58"]
[EventDate "2012.08.09"]
[EventType "swiss"]
[EventRounds "9"]
[EventCountry "GER"]
[SourceTitle "EXT 2014"]
[Source "ChessBase"]
[SourceDate "2013.11.20"]
[SourceVersion "1"]
[SourceVersionDate "2013.11.20"]
[SourceQuality "1"]

1. c4 Nf6 2. Nc3 e6 3. e4 d6 4. d4 Nbd7 5. Bg5 Be7 6. h3 e5 7. Nf3 c6 8. Be2 h6 9. Be3 Qa5 10. 0-0 exd4 11. Nxd4 Nc5 12. Qc2 0-0 13. Rfd1 Be6 14. Rab1 Ncd7 15. b4 Qc7 16. f4 Nb6 17. c5 Nc4 18. Nxe6 Nxe3 19. Nxc7 Nxc2 20. Nxa8 dxc5 21. e5 Nd5 22. Nxd5 cxd5 23. Nc7 cxb4 24. Nxd5 Bc5+ 25. Kh2 b6 26. Bd3 Na3 27. Rb2 Rd8 28. Nxb4 Rd4 29. Na6 Be7 1-0

[Event "Dresden ZMDI Blitz"]
[Site "Dresden"]
[Date "2011.08.12"]
[Round "7"]
[White "Mittelstaedt, Ewald"]
[Black "Abdurakhimov, Peter"]
[Result "1/2-1/2"]
[WhiteElo "1455"]
[BlackElo "1172"]
[PlyCount "91"]
[EventDate "2011.08.06"]
[EventType "swiss (blitz)"]
[EventRounds "9"]
[EventCountry "GER"]
[SourceTitle "EXT 2022"]
[Source "ChessBase"]
[SourceDate "2021.10.06"]
[SourceVersion "1"]
[SourceVersionDate "2021.10.06"]
[SourceQuality "1"]

1. d4 Nf6 2. Nf3 d6 3. e3 g6 4. c3 Bg7 5. Bd3 0-0 6. h3 b6 7. Nbd2 Ba6 8. Bc2 d5 9. b4 Nbd7 10. a4 c5 11. b5 Bb7 12. 0-0 Qc7 13. Ba3 e6 14. Rc1 Rfe8 15. Bd3 c4 16. Bb1 Bf8 17. Bxf8 Kxf8 18. Ng5 h6 19. Ngf3 Kg7 20. Re1 e5 21. dxe5 Nxe5 22. Nxe5 Qxe5 23. Nf3 Qc7 24. Nd4 Ne4 25. f3 Nc5 26. Bc2 Rad8 27. Qd2 Qe5 28. f4 Qc7 29. Nf3 Qe7 30. Qd4+ Kg8 31. Rcd1 Ne4 32. Ne5 Nc5 33. Ng4 Rd6 34. Nxh6+ Kh7 35. Ng4 f6 36. Nh2 Re6 37. Nf1 Ne4 38. Re2 Kg7 39. Bxe4 Rxe4 40. Qd2 Rxf4 41. Rde1 Re4 42. Ng3 Re6 43. Qc2 Qc5 44. Nf1 Bc8 45. Kh1 Re4 46. Qc1 1/2-1/2